000 00681nam a22001937a 4500
005 20150423151136.0
010 _aENG-112384
020 _c895.00
_a9789351432241
035 _aEN-95916
037 _bDBAD/PUB
082 _a336.24
245 0 0 _aChaturvedi & Pithisaria's income tax rules with allied rules and relevant schemes /
_ccomplied by M.K. Pithisaria [and] Mukesh Pithisaria
260 _aGurgaon
_bLexisNexis
_c2014
270 _a14th floor, Building No 10, Tower-B, DLF Cyber City, Phase-II ,
_bGurgaon
_e122002
300 _aclxxv,1717p.
_c24cm(pbk)
700 _aPithisaria, M.K.
700 _aPithisaria, Mukesh
942 _2ddc
_cEN
_mCHA
_h336.24
999 _c92272
_d92272